00346nam a22001217a 450000500170000002000230001703500230004003700130006310000170007624500630009326000460015630000220020220180801132054.0 a8177081020c760.00 aB-219901, B-219907 aDPLbENG aRao, Hemlata aFiscal federalism :bIssues and policies /cby Hemlata Rao aNew DelhibNew Century Publicationsc2006 av, 355p.c20 cms.